[Event "Tata Steel India Rapid w"]
[Site "Kolkata IND"]
[Date "2026.01.09"]
[Round "8.5"]
[White "Dzagnidze, Nana"]
[Black "Vantika, Agrawal"]
[Result "1/2-1/2"]
[WhiteTitle "GM"]
[BlackTitle "IM"]
[WhiteElo "2469"]
[BlackElo "2375"]
[WhiteFideId "13601903"]
[BlackFideId "25050389"]
[EventDate "2026.01.07"]

1. d4 Nf6 2. c4 e6 3. Nc3 Bb4 4. Qc2 Qe7 5. Bg5 e5 6. dxe5 Qxe5 7. Bd2 Bxc3 8.
Bxc3 Qe7 9. Nf3 Nc6 10. e3 d6 11. h3 h6 12. Be2 O-O 13. O-O Ne4 14. Nd4 Bd7 15.
Bf3 Ng5 16. Bd5 Nxd4 17. exd4 c6 18. Rfe1 Qf6 19. Be4 Nxe4 20. Qxe4 Rfe8 21. Qd3
Bf5 22. Qf3 Qg6 23. b3 Be4 24. Qg4 d5 25. Qxg6 Bxg6 26. Re3 Rxe3 27. fxe3 Re8
28. Kf2 Be4 29. a4 Re6 30. a5 Rf6+ 31. Kg1 Rg6 32. Ra2 f5 33. Be1 Kf7 34. Kh2 a6
35. Bg3 Bd3 36. Rb2 Re6 37. Be5 g5 38. g4 Kg6 39. Kg3 Re7 40. c5 h5 41. gxh5+
Kxh5 42. Rh2 Kg6 43. h4 Rh7 44. hxg5 Rxh2 45. Kxh2 1/2-1/2

[Event "Tata Steel India Rapid w"]
[Site "Kolkata IND"]
[Date "2026.01.09"]
[Round "9.1"]
[White "Tsolakidou, Stavroula"]
[Black "Rakshitta, Ravi"]
[Result "1/2-1/2"]
[WhiteTitle "IM"]
[BlackTitle "WGM"]
[WhiteElo "2479"]
[BlackElo "2321"]
[WhiteFideId "4264312"]
[BlackFideId "25073230"]
[EventDate "2026.01.07"]

1. d4 Nf6 2. c4 e6 3. Nf3 d5 4. Nc3 c5 5. e3 a6 6. cxd5 exd5 7. Bd3 Nc6 8. O-O
Bd6 9. dxc5 Bxc5 10. h3 O-O 11. b3 d4 12. exd4 Nxd4 13. Bb2 Bf5 14. Bxf5 Nxf5
15. Qc2 Nd6 16. Na4 Ba7 17. Rad1 Rc8 18. Qb1 b5 19. Ng5 g6 20. Nc3 Re8 21. Qd3
Nf5 22. Nce4 Nxe4 23. Nxe4 Qxd3 24. Nf6+ Kf8 25. Nxh7+ Kg8 26. Nf6+ Kf8 27. Nh7+
Kg8 28. Nf6+ 1/2-1/2

[Event "Tata Steel India Rapid w"]
[Site "Kolkata IND"]
[Date "2026.01.09"]
[Round "9.2"]
[White "Vantika, Agrawal"]
[Black "Goryachkina, Aleksandra"]
[Result "0-1"]
[WhiteTitle "IM"]
[BlackTitle "GM"]
[WhiteElo "2375"]
[BlackElo "2534"]
[WhiteFideId "25050389"]
[BlackFideId "4147103"]
[EventDate "2026.01.07"]

1. d4 d5 2. c4 e6 3. Nf3 Nf6 4. Nc3 c5 5. e3 Nc6 6. a3 dxc4 7. Bxc4 a6 8. Ba2 b5
9. Qc2 cxd4 10. exd4 Nxd4 11. Nxd4 Qxd4 12. Nd5 Qe5+ 13. Kf1 exd5 14. Qc6+ Kd8
15. Bd2 Ra7 16. Ba5+ Rc7 17. Re1 Qd6 18. Bxd5 Qxc6 19. Bxc6 Bd7 20. Bxd7 Kxd7
21. Bxc7 Kxc7 22. h4 Bd6 23. Rh3 Re8 24. Rc3+ Kb7 25. Rxe8 Nxe8 26. Ke2 Nf6 27.
Rd3 Kc6 28. Rc3+ Kd7 29. Rd3 h5 30. g3 g6 31. a4 b4 32. Rd4 Kc6 33. Rc4+ Kd5 34.
Rc8 Ne4 35. a5 Nc5 36. Rd8 Kc6 37. f4 Ne4 38. Kf3 Nd2+ 39. Ke2 Nc4 40. Ra8 Kb7
41. Rd8 Bc7 42. Rd4 Nxa5 43. Rxb4+ Kc6 44. Re4 Bd6 45. Ra4 Kb5 46. Rd4 Nb7 47.
Kf3 f5 48. Ke2 a5 49. Kd2 Nc5 50. Ke2 Ne4 51. Kf3 Kc6 52. Rd1 Nc5 53. Rc1 Be7
54. Ra1 a4 55. Rc1 Bf6 56. Rc2 Bd4 57. Ke2 Kd5 58. Kf3 Ne4 59. Kg2 Nd6 60. Kf3
Nc4 61. Re2 Bxb2 62. Re7 a3 63. Ra7 Kd4 64. Ke2 Kc3 65. Ra8 Nb6 66. Ra6 Nd5 67.
Ra5 Nb4 68. Ke3 a2 69. Rc5+ Kb3 70. Ra5 Ba3 0-1

[Event "Tata Steel India Rapid w"]
[Site "Kolkata IND"]
[Date "2026.01.09"]
[Round "9.3"]
[White "Vaishali, Rameshbabu"]
[Black "Dzagnidze, Nana"]
[Result "1-0"]
[WhiteTitle "GM"]
[BlackTitle "GM"]
[WhiteElo "2470"]
[BlackElo "2469"]
[WhiteFideId "5091756"]
[BlackFideId "13601903"]
[EventDate "2026.01.07"]

1. Nf3 Nf6 2. g3 b5 3. Na3 a6 4. c4 b4 5. Nc2 e6 6. Bg2 Bb7 7. O-O a5 8. b3 Be7
9. a3 Na6 10. d4 Be4 11. axb4 Nxb4 12. Nxb4 axb4 13. Bb2 O-O 14. Ne5 Bxg2 15.
Kxg2 Qb8 16. Qd3 Qb7+ 17. Qf3 d5 18. c5 c6 19. Qd3 h6 20. f3 Nd7 21. Nxd7 Qxd7
22. Ra6 Rxa6 23. Qxa6 Rb8 24. Ra1 Bd8 25. Qa7 Bc7 26. Bc1 Qc8 27. Ra6 Rb7 28.
Qa8 Qxa8 29. Rxa8+ Kh7 30. Ra6 Kg6 31. Bd2 Kf6 32. Rxc6 Ra7 33. Bxb4 Ke7 34. Rb6
Kd7 35. c6+ Kc8 36. Rb5 Ra6 37. Bf8 g6 38. Bxh6 Rxc6 39. Bf8 Rc2 40. Rc5 Rxc5
41. Bxc5 Kd7 42. h4 Bd8 43. Kh3 Bf6 44. Kg4 Bd8 45. Kh3 Kc6 46. g4 Bf6 47. h5
gxh5 48. gxh5 Bg7 49. Kg4 f6 50. Kg3 Kd7 51. Kf2 Bh6 52. Ba7 Kc6 53. Kg3 Kd7 54.
Bb8 Kc6 55. Bf4 Bf8 56. h6 Kd7 57. Kg4 Ke8 58. h7 Bg7 59. Kh5 Kf7 60. b4 e5 61.
Bh6 Bh8 62. b5 f5 63. b6 exd4 64. b7 Be5 65. f4 d3 66. exd3 1-0

[Event "Tata Steel India Rapid w"]
[Site "Kolkata IND"]
[Date "2026.01.09"]
[Round "9.4"]
[White "Lagno, Kateryna"]
[Black "Divya, Deshmukh"]
[Result "1/2-1/2"]
[WhiteTitle "GM"]
[BlackTitle "GM"]
[WhiteElo "2508"]
[BlackElo "2497"]
[WhiteFideId "14109336"]
[BlackFideId "35006916"]
[EventDate "2026.01.07"]

1. e4 d5 2. exd5 Qxd5 3. Nc3 Qd6 4. d4 Nf6 5. Nf3 Nc6 6. Nb5 Qd8 7. Bf4 Nd5 8.
Bg3 a6 9. Nc3 Bg4 10. Be2 Nxc3 11. bxc3 e6 12. O-O Bd6 13. c4 O-O 14. c3 Ne7 15.
Rb1 Rb8 16. c5 Bxg3 17. hxg3 Ng6 18. a4 Re8 19. a5 e5 20. dxe5 Qe7 21. Qd4 Nxe5
22. Rb2 Bxf3 23. Bxf3 Rbd8 24. Qe3 Rd3 25. Qe4 Qxc5 26. Qxb7 Qxa5 27. Be2 Rd6
28. Qb8 Re6 29. Qb4 Qd5 30. Rd1 Qa8 31. Qa5 h5 32. Qxc7 h4 33. gxh4 Rg6 34. g3
Rc6 35. Qa5 Qc8 36. Rbd2 Kh7 37. Rd8 Qe6 38. Rxe8 Qxe8 39. c4 Qe6 40. c5 Qf5 41.
Rc1 Qe4 42. Qd2 a5 43. Qe3 Qxe3 44. fxe3 Nd7 45. Bg4 Rxc5 46. Rb1 Ne5 47. Bf5+
g6 48. Be4 Kg7 49. Rb7 Rc3 50. Rb5 Ng4 51. Bd5 Rxe3 52. Kg2 Re5 53. Bc6 Rxb5 54.
Bxb5 Ne5 55. Kf2 Kf6 56. Ke3 Kf5 57. Be8 Kg4 58. Kf2 Kh3 59. Bb5 Kg4 60. Be8 f6
61. Bb5 Kh3 62. Be8 Nd3+ 63. Ke3 Ne5 64. Kf4 Nd3+ 65. Ke3 Ne5 66. Kf4 Nd3+ 67.
Ke3 Kxg3 68. Kxd3 a4 69. Bxg6 a3 70. Kc3 Kxh4 1/2-1/2

[Event "Tata Steel India Rapid w"]
[Site "Kolkata IND"]
[Date "2026.01.09"]
[Round "9.5"]
[White "Dronavalli, Harika"]
[Black "Yip, Carissa"]
[Result "1-0"]
[WhiteTitle "GM"]
[BlackTitle "IM"]
[WhiteElo "2466"]
[BlackElo "2466"]
[WhiteFideId "5015197"]
[BlackFideId "2090732"]
[EventDate "2026.01.07"]

1. Nf3 Nf6 2. g3 d5 3. Bg2 e6 4. O-O Be7 5. d3 O-O 6. a4 c5 7. Bf4 Nc6 8. e4
dxe4 9. dxe4 Nxe4 10. Ne5 Nxe5 11. Bxe5 f5 12. Nc3 Bf6 13. Bxf6 Nxf6 14. Qe2 a6
15. Qe5 Qd4 16. Rfe1 Ng4 17. Qe2 Qb4 18. a5 Bd7 19. h3 Nf6 20. Qe5 Rad8 21. Ne2
Bc8 22. Nf4 Rfe8 23. Nd3 Nd7 24. Nxb4 Nxe5 25. Nxa6 Nd3 26. cxd3 bxa6 27. Re5
Rxd3 28. Rxc5 Rb3 29. Rc7 Rxb2 30. Rac1 Rb8 31. Ra7 Kh8 32. Rcc7 Rg8 33. Bf1 Rb1
34. Kg2 h5 35. Be2 h4 36. gxh4 Kh7 37. Bf3 Rb3 38. Bh5 Rb5 39. Bf7 Rf8 40. h5
Kh6 41. Kh2 Rb8 42. Bg6 Rg8 43. h4 f4 44. Bf7 Rf8 45. Bg6 Rg8 46. Rf7 e5 47.
Rfc7 Rb2 48. Rc6 Rxf2+ 49. Kg1 Rb2 50. Bf7+ Kh7 51. Bxg8+ 1-0